[Event "XXXI Olimpiadi femminile"]
[Site "Mosca RUS"]
[Date "1994.12.03"]
[Round "3.2"]
[White "Parrino, Giuseppina"]
[Black "Johnsen, Sylvia"]
[Result "0-1"]
[WhiteElo "1753"]
[BlackElo "2050"]
[Annotator "ITA-NOR"]
[PlyCount "84"]
[EventDate "1994.12.01"]

1. e4 g6 2. Nc3 c6 3. f4 d5 4. d4 h5 5. Nf3 Bg4 6. Be2 Nh6 7. Qd3 dxe4 8. Nxe4
Bg7 9. Qb3 Bxf3 10. Bxf3 Qb6 11. Qxb6 axb6 12. c3 Nf5 13. O-O Nd7 14. Re1 e6
15. Ng5 Nf6 16. a3 Bf8 17. Bd2 Be7 18. Rad1 Rd8 19. Bc1 Rd7 20. Be2 b5 21. Nf3
Nd5 22. Ne5 Rd8 23. Bd3 Bd6 24. Re2 Ke7 25. Rde1 Nc7 26. Be4 Kf6 27. Bd2 Rhg8
28. Rf1 Na8 29. Be1 Kg7 30. Rf3 Ne7 31. Bh4 Nb6 32. Rg3 Ra8 33. Rf2 Nf5 34. Rh3
Nxh4 35. Rxh4 Be7 36. Rh3 Rad8 37. g4 hxg4 38. Nxg4 f5 39. Nh6 Rh8 40. Bxf5
exf5 41. Re2 Bf6 42. Re6 Nd5 0-1

[Event "XXXI Olimpiadi femminile"]
[Site "Mosca RUS"]
[Date "1994.12.03"]
[Round "3.3"]
[White "Ferkingstad, Gro"]
[Black "Damasco, Rosa"]
[Result "1/2-1/2"]
[WhiteElo "2010"]
[BlackElo "2005"]
[Annotator "ITA-NOR"]
[PlyCount "47"]
[EventDate "1994.12.01"]

1. d4 Nf6 2. c4 g6 3. Nc3 d5 4. Bf4 Bg7 5. e3 O-O 6. Nf3 c5 7. Be2 Nc6 8. O-O
cxd4 9. exd4 Be6 10. c5 Ne4 11. Bb5 Bg4 12. Bxc6 bxc6 13. Qd3 Bf5 14. Qa6 Qc8
15. Qxc8 Raxc8 16. Rac1 Rfe8 17. Be3 f6 18. Na4 e5 19. h3 Bd7 20. Rfd1 Rb8 21.
b3 Bc8 22. Rc2 Bf5 23. Rcc1 Bc8 24. Rc2 1/2-1/2

[Event "XXXI Olimpiadi femminile"]
[Site "Mosca RUS"]
[Date "1994.12.05"]
[Round "5.1"]
[White "Ostry, Irina"]
[Black "Gramignani, Rita"]
[Result "1/2-1/2"]
[WhiteElo "2235"]
[BlackElo "2040"]
[Annotator "ITA-KGZ"]
[PlyCount "54"]
[EventDate "1994.12.01"]

1. c4 Nf6 2. Nc3 g6 3. g3 Bg7 4. Bg2 c5 5. e4 Nc6 6. Nge2 O-O 7. d3 d6 8. O-O
Bg4 9. h3 Bxe2 10. Nxe2 e5 11. Rb1 Ne8 12. a3 a5 13. f4 f5 14. exf5 gxf5 15.
Be3 Qe7 16. Nc3 Nc7 17. Qd2 Kh8 18. Rbe1 Rab8 19. Nd5 Qf7 20. b4 axb4 21. axb4
b6 22. b5 exf4 23. Bxf4 Ne5 24. Nxc7 Qxc7 25. Bd5 Ng6 26. Re2 Nxf4 27. gxf4 Qd8
1/2-1/2

[Event "XXXI Olimpiadi femminile"]
[Site "Mosca RUS"]
[Date "1994.12.05"]
[Round "5.2"]
[White "Agosto, Erika"]
[Black "Sabirova, Sofia"]
[Result "0-1"]
[WhiteElo "1761"]
[BlackElo "2090"]
[Annotator "ITA-KGZ"]
[PlyCount "56"]
[EventDate "1994.12.01"]

1. e4 c5 2. Nf3 Nc6 3. d4 cxd4 4. Nxd4 e5 5. Nb3 Nf6 6. Nc3 Bb4 7. Bg5 h6 8.
Bxf6 Bxc3+ 9. bxc3 Qxf6 10. Be2 Qg6 11. Bf3 d6 12. Rb1 O-O 13. O-O Rd8 14. Qd3
b6 15. Rfd1 Be6 16. a3 Rac8 17. Qe3 Ne7 18. Rd2 Qg5 19. Qe1 Rxc3 20. Rxd6 Rdc8
21. Rd8+ Rxd8 22. Qxc3 Rc8 23. Qb2 Ng6 24. c3 Nh4 25. Qe2 Rxc3 26. Nd2 Bh3 27.
g3 Nxf3+ 28. Nxf3 Qg4 0-1

[Event "XXXI Olimpiadi femminile"]
[Site "Mosca RUS"]
[Date "1994.12.05"]
[Round "5.3"]
[White "Ushakova, Irina"]
[Black "Damasco, Rosa"]
[Result "1-0"]
[WhiteElo "2205"]
[BlackElo "2005"]
[Annotator "ITA-KGZ"]
[PlyCount "73"]
[EventDate "1994.12.01"]

1. d4 Nf6 2. Nf3 g6 3. Bg5 Ne4 4. Bf4 Bg7 5. e3 d5 6. Nbd2 c5 7. c3 Nxd2 8.
Qxd2 cxd4 9. exd4 Bf5 10. Bb5+ Nc6 11. O-O O-O 12. Rfe1 a6 13. Bf1 Rc8 14. Bh6
Re8 15. Bxg7 Kxg7 16. Ne5 f6 17. Nxc6 Rxc6 18. Rad1 b5 19. a3 Qc7 20. Re3 e5
21. dxe5 Rxe5 22. Rxe5 Qxe5 23. Qxd5 Qxd5 24. Rxd5 Re6 25. f3 Bc2 26. Kf2 f5
27. c4 bxc4 28. Bxc4 Rc6 29. b3 Rb6 30. Rd2 Bxb3 31. Rb2 Bxc4 32. Rxb6 g5 33.
f4 g4 34. Ke3 h5 35. g3 a5 36. Kd4 Bg8 37. Ke5 1-0

[Event "XXXI Olimpiadi femminile"]
[Site "Mosca RUS"]
[Date "1994.12.06"]
[Round "6.1"]
[White "Gramignani, Rita"]
[Black "Salazar, Adriana"]
[Result "1/2-1/2"]
[WhiteElo "2040"]
[BlackElo "2110"]
[Annotator "ITA-COL"]
[PlyCount "47"]
[EventDate "1994.12.01"]

1. e4 g6 2. d4 Bg7 3. Nc3 c6 4. Be3 d5 5. Qd2 dxe4 6. Nxe4 Nd7 7. Nf3 Ngf6 8.
Nxf6+ Nxf6 9. h3 Bf5 10. Bd3 Bxd3 11. Qxd3 Nd5 12. Bd2 Qb6 13. O-O O-O 14. c3
Rad8 15. Qc2 Qc7 16. Rfe1 Rfe8 17. Rad1 c5 18. dxc5 Qxc5 19. Qe4 b6 20. Qh4 Nf6
21. Bh6 Rd5 22. Rxd5 Qxd5 23. Bxg7 Kxg7 24. Qa4 1/2-1/2

[Event "XXXI Olimpiadi femminile"]
[Site "Mosca RUS"]
[Date "1994.12.08"]
[Round "7.2"]
[White "Parrino, Giuseppina"]
[Black "Santos, Christine"]
[Result "1/2-1/2"]
[WhiteElo "1753"]
[BlackElo "2005"]
[Annotator "ITA-PHI"]
[PlyCount "101"]
[EventDate "1994.12.01"]

1. e4 e6 2. f4 b6 3. Nf3 Bb7 4. d3 d6 5. Be2 Nd7 6. b3 Be7 7. Bb2 Ngf6 8. Nbd2
c5 9. Nc4 d5 10. exd5 exd5 11. Nce5 Nxe5 12. fxe5 Ng4 13. d4 Ne3 14. Bb5+ Kf8
15. Qe2 Nf5 16. O-O Bc8 17. Rae1 a6 18. Bd3 Nxd4 19. Nxd4 cxd4 20. Bxd4 Bc5 21.
Bxc5+ bxc5 22. e6 Ra7 23. Rxf7+ Rxf7 24. exf7 Kxf7 25. Qf3+ Kg8 26. Rf1 Be6 27.
Bxa6 h5 28. Qe3 Rh6 29. Qxc5 Rf6 30. a4 Rg6 31. Bd3 Rg5 32. Qe3 Bf7 33. Qd4 Qe7
34. Qf4 Re5 35. Bh7+ Kxh7 36. Qxf7 Qc5+ 37. Qf2 Qc8 38. Qd4 Qe8 39. Qd3+ Kh8
40. a5 Qe7 41. a6 Qc5+ 42. Kh1 Kg8 43. h3 Qa5 44. Qd4 Qxa6 45. Qxe5 Qxf1+ 46.
Kh2 Qd1 47. Qf5 Qd2 48. Qd3 Qf4+ 49. g3 Qf2+ 50. Kh1 d4 51. h4 1/2-1/2

[Event "XXXI Olimpiadi femminile"]
[Site "Mosca RUS"]
[Date "1994.12.08"]
[Round "7.3"]
[White "Itaas, Susan"]
[Black "Damasco, Rosa"]
[Result "1-0"]
[WhiteElo "2005"]
[BlackElo "2005"]
[Annotator "ITA-PHI"]
[PlyCount "79"]
[EventDate "1994.12.01"]

1. d4 Nf6 2. c4 g6 3. Nf3 Bg7 4. b4 O-O 5. e3 d6 6. Bb2 Bg4 7. Be2 Nfd7 8. h3
Bxf3 9. Bxf3 c6 10. Qc2 Qc7 11. O-O a5 12. a3 axb4 13. axb4 Rxa1 14. Bxa1 Na6
15. Qb3 Qb6 16. b5 e5 17. Nd2 exd4 18. exd4 cxb5 19. Qxb5 Qxb5 20. cxb5 Nb4 21.
Bxb7 Rb8 22. Bc6 Nb6 23. Rc1 d5 24. Nb3 Bh6 25. Re1 Bg7 26. Re8+ Rxe8 27. Bxe8
Kf8 28. Bc6 Ke7 29. Bb7 Kd6 30. Bc3 Kc7 31. Bxb4 Kxb7 32. Kf1 Nc8 33. Bc5 Nb6
34. Ke2 Na4 35. Na5+ Kc7 36. Kd3 Bh6 37. Nc6 Bg5 38. Nb4 Nb6 39. Kc3 Bf4 40.
Bxb6+ 1-0

[Event "XXXI Olimpiadi femminile"]
[Site "Mosca RUS"]
[Date "1994.12.10"]
[Round "9.1"]
[White "Agosto, Erika"]
[Black "Wahiduddin, Nurul Huda"]
[Result "1-0"]
[WhiteElo "1761"]
[BlackElo "2035"]
[Annotator "ITA-MAS"]
[PlyCount "43"]
[EventDate "1994.12.01"]

1. e4 e6 2. d4 d5 3. exd5 exd5 4. Bf4 Nf6 5. c4 dxc4 6. Bxc4 Bb4+ 7. Nc3 O-O 8.
Nge2 c6 9. O-O h6 10. Qc2 Bd6 11. Rad1 Re8 12. Qb3 Re7 13. d5 Bxf4 14. Nxf4 Qd6
15. Ng6 Rc7 16. dxc6 Qxc6 17. Bxf7+ Kh7 18. Rd8 Ng8 19. Rxg8 Rxf7 20. Qxf7 Qxg6
21. Qxg6+ Kxg6 22. Rxc8 1-0

[Event "XXXI Olimpiadi femminile"]
[Site "Mosca RUS"]
[Date "1994.12.11"]
[Round "10.3"]
[White "Ferreira, Aida"]
[Black "Parrino, Giuseppina"]
[WhiteElo "2005"]
[BlackElo "1753"]
[Result "0-1"]
[Annotator "ITA-POR"]
[PlyCount "108"]
[EventDate "1994.12.01"]

1. Nf3 e6 2. e3 d5 3. b3 c5 4. Bb2 Nf6 5. Bb5+ Nc6 6. Ne5 Qc7 7. f4 Bd6 8.
Bxc6+ bxc6 9. O-O O-O 10. d3 Nd7 11. d4 cxd4 12. exd4 f6 13. Nxd7 Bxd7 14. Qd2
c5 15. Kh1 cxd4 16. Bxd4 e5 17. Bb2 Bc6 18. Ba3 d4 19. Bxd6 Qxd6 20. a4 e4 21.
Na3 e3 22. Qe2 Rfe8 23. Nc4 Qd5 24. Nb2 Rad8 25. Nd3 Bb7 26. b4 Qc4 27. Rfb1
Rc8 28. Rb2 Be4 29. Ra3 Qc7 30. Nc5 Qxf4 31. Rb1 Bd5 32. Rf1 Qb8 33. Nd3 Bc4
34. Rd1 f5 35. g3 Qb7+ 36. Kg1 Qe4 37. Qg2 Qxg2+ 38. Kxg2 Bd5+ 39. Kg1 Rxc2 40.
Ne1 Rd2 41. Rd3 Rxd1 42. Rxd1 Re4 43. a5 f4 44. gxf4 Rxf4 45. Rc1 e2 46. Nd3
Rf8 47. Nf2 h5 48. b5 Rb8 49. Nd3 Be4 50. Nf2 Bf5 51. Re1 d3 52. b6 axb6 53.
axb6 Rxb6 54. Kg2 g5 0-1

[Event "XXXI Olimpiadi femminile"]
[Site "Mosca RUS"]
[Date "1994.12.12"]
[Round "11.1"]
[White "Gramignani, Rita"]
[Black "Hund, Barbara"]
[Result "0-1"]
[WhiteElo "2040"]
[BlackElo "2255"]
[Annotator "ITA-SUI"]
[PlyCount "56"]
[EventDate "1994.12.01"]

1. e4 c5 2. Nf3 d6 3. d3 Nc6 4. g3 g6 5. Bg2 Bg7 6. c3 e5 7. O-O Nge7 8. Nh4
O-O 9. f4 exf4 10. gxf4 f5 11. Be3 Kh8 12. Nd2 b6 13. Qa4 Bd7 14. Qc2 Rc8 15.
Kh1 b5 16. Nhf3 Nd4 17. Qd1 Nxf3 18. Nxf3 Be6 19. Rf2 Bg8 20. d4 fxe4 21. Ng5
Nf5 22. Qd2 cxd4 23. cxd4 d5 24. Rff1 Qf6 25. Rfd1 Nxe3 26. Qxe3 Qxf4 27. Nh3
Rf7 28. Ng5 Rc2 0-1

[Event "XXXI Olimpiadi femminile"]
[Site "Mosca RUS"]
[Date "1994.12.13"]
[Round "12.1"]
[White "Hoiberg, Nina"]
[Black "Agosto, Erika"]
[Result "1-0"]
[WhiteElo "2275"]
[BlackElo "1761"]
[Annotator "ITA-DEN"]
[PlyCount "150"]
[EventDate "1994.12.01"]

1. e4 e5 2. Nf3 Nc6 3. Bc4 Be7 4. O-O Nf6 5. d4 d6 6. dxe5 Nxe5 7. Nxe5 dxe5 8.
Qf3 O-O 9. Be3 Bd7 10. Nc3 c6 11. h3 Qc7 12. a4 a5 13. Rfd1 Rad8 14. Ne2 Bc8
15. Ng3 Rxd1+ 16. Rxd1 Rd8 17. Bd3 g6 18. Nf1 Ne8 19. Nh2 Be6 20. Bd2 Bf6 21.
Bc3 Bg7 22. Re1 Nf6 23. Ng4 Nxg4 24. hxg4 b6 25. g5 Kf8 26. Qg3 Re8 27. Qh2 Kg8
28. Qh4 Qe7 29. Qg3 Bc8 30. Qe3 Qc7 31. Rb1 Bd7 32. Kf1 Bf8 33. Qf3 Bc8 34. Rd1
Bg7 35. Be2 Qe7 36. Qe3 Qc7 37. Qd3 Bf8 38. Qe3 Be7 39. Qc1 Bc5 40. Bd2 Bd6 41.
Be3 Be7 42. c3 Be6 43. Qc2 Rb8 44. c4 c5 45. g3 Rd8 46. b3 Rxd1+ 47. Qxd1 Qd8
48. f4 Qxd1+ 49. Bxd1 Bd6 50. Kf2 Kf8 51. Kf3 Ke7 52. Bd2 Bc8 53. Bc3 exf4 54.
gxf4 Bc7 55. Ke3 Bd7 56. Bf6+ Ke8 57. Bc2 Bb8 58. Bc3 Ke7 59. f5 Bc7 60. Bf6+
Ke8 61. Bb2 Ke7 62. Bd1 gxf5 63. Bf6+ Ke8 64. e5 Kf8 65. Kf4 Kg8 66. Bc2 Bc8
67. Be7 Kg7 68. Bxf5 Bb7 69. Bf6+ Kg8 70. Kg4 Bc6 71. Bc2 Bb7 72. Kh5 Bf3+ 73.
Kh6 Be2 74. Bg7 f6 75. e6 Bd6 1-0

[Event "XXXI Olimpiadi femminile"]
[Site "Mosca RUS"]
[Date "1994.12.13"]
[Round "12.2"]
[White "Parrino, Giuseppina"]
[Black "Guindy, Esmat"]
[Result "1/2-1/2"]
[WhiteElo "1753"]
[BlackElo "2045"]
[Annotator "ITA-DEN"]
[PlyCount "69"]
[EventDate "1994.12.01"]

1. f4 d5 2. Nf3 g6 3. g3 Bg7 4. Bg2 b6 5. d3 Bb7 6. Nbd2 Nf6 7. O-O O-O 8. c3
c5 9. Qc2 d4 10. Nc4 Nc6 11. e3 dxe3 12. Bxe3 Rc8 13. Bh3 e6 14. Rad1 Nd5 15.
Bf2 Qc7 16. Rfe1 Rfe8 17. Ng5 Nd8 18. Ne4 Re7 19. Ncd6 Rb8 20. Nxb7 Nxb7 21. d4
c4 22. Ng5 Rbe8 23. Re2 Qc6 24. Rde1 h6 25. Ne4 Nd6 26. Bg2 Nxe4 27. Bxe4 b5
28. g4 Qd6 29. f5 exf5 30. gxf5 Nf4 31. Re3 g5 32. Bg3 Nh3+ 33. Kg2 Nf4+ 34.
Kg1 Nh3+ 35. Kg2 1/2-1/2

[Event "XXXI Olimpiadi femminile"]
[Site "Mosca RUS"]
[Date "1994.12.13"]
[Round "12.3"]
[White "Stewart, Tanya"]
[Black "Damasco, Rosa"]
[Result "1/2-1/2"]
[WhiteElo "2055"]
[BlackElo "2005"]
[Annotator "ITA-DEN"]
[PlyCount "64"]
[EventDate "1994.12.01"]

1. e4 e5 2. Bc4 Nf6 3. d3 c6 4. Bb3 d5 5. exd5 cxd5 6. Nf3 Nc6 7. O-O Be7 8.
Bg5 O-O 9. Nbd2 Bg4 10. h3 Bh5 11. Bxf6 Bxf6 12. c3 Bg5 13. g4 Bxd2 14. Nxd2
Bg6 15. Qf3 Kh8 16. Bxd5 f5 17. Bxc6 bxc6 18. Nc4 fxg4 19. Qxg4 Rf5 20. f4 exf4
21. Rxf4 Qxd3 22. Raf1 Raf8 23. Rxf5 Rxf5 24. Rxf5 Bxf5 25. Qf4 h6 26. h4 Be4
27. Ne3 Qb1+ 28. Nf1 Bd5 29. a3 Qxb2 30. Qf8+ Kh7 31. Qf5+ Kh8 32. Qf8+ Kh7
1/2-1/2

[Event "XXXI Olimpiadi femminile"]
[Site "Mosca RUS"]
[Date "1994.12.15"]
[Round "13.1"]
[White "Ovezova, Mekhri"]
[Black "Gramignani, Rita"]
[Result "1-0"]
[WhiteElo "2115"]
[BlackElo "2040"]
[Annotator "ITA-TKM"]
[PlyCount "71"]
[EventDate "1994.12.01"]

1. d4 Nf6 2. c4 g6 3. Nc3 Bg7 4. e4 d6 5. f3 O-O 6. Bg5 Nbd7 7. Qd2 e5 8. d5 a6
9. h4 h5 10. Nh3 Qe8 11. Be2 Nc5 12. Nf2 Bd7 13. g4 b5 14. b4 Nb7 15. cxb5 a5
16. bxa5 Rxa5 17. a4 Nc5 18. Qc2 Kh8 19. Be3 Qb8 20. g5 Ng8 21. Bxc5 dxc5 22.
Nd3 Qa7 23. Nb2 Qb8 24. Nc4 Ra8 25. Qd2 Rd8 26. Qe3 Qa7 27. Kf2 f6 28. a5 f5
29. b6 cxb6 30. axb6 Qb8 31. Qxc5 Rc8 32. Qb4 Rxa1 33. Rxa1 Bf8 34. d6 fxe4 35.
Nxe4 Be6 36. b7 1-0

[Event "XXXI Olimpiadi femminile"]
[Site "Mosca RUS"]
[Date "1994.12.16"]
[Round "14.1"]
[White "Gramignani, Rita"]
[Black "Berezina, Irina"]
[Result "0-1"]
[WhiteElo "2040"]
[BlackElo "2210"]
[Annotator "ITA-AUS"]
[PlyCount "124"]
[EventDate "1994.12.01"]

1. e4 c5 2. Nf3 d6 3. d4 cxd4 4. Nxd4 Nf6 5. f3 Nc6 6. c4 g6 7. Be3 Bg7 8. Qd2
O-O 9. Nc3 a6 10. Be2 Nxd4 11. Bxd4 Be6 12. O-O Rc8 13. b3 Nd7 14. Rac1 Bxd4+
15. Qxd4 Qb6 16. Qxb6 Nxb6 17. Rfd1 Rc7 18. Rd2 Rfc8 19. Rcd1 Kf8 20. g4 g5 21.
Kf2 Kg7 22. Kg3 Nd7 23. f4 f6 24. h4 h6 25. Bd3 b5 26. Nd5 Bxd5 27. exd5 bxc4
28. bxc4 gxf4+ 29. Kxf4 Ne5 30. Re1 Kf7 31. Bf1 Nxc4 32. Rc2 Nb6 33. Rd2 Rc2
34. Red1 a5 35. Bb5 R8c5 36. Bc6 R5c4+ 37. Kf3 R4c3+ 38. Kf4 Nc4 39. Rxc2 Rxc2
40. a4 Ne5 41. Bb5 Rc3 42. Be2 Ra3 43. Rd4 Rh3 44. h5 Rh2 45. Re4 Rg2 46. Ke3
Rg3+ 47. Kd2 Ke8 48. Re3 Rxe3 49. Kxe3 Kf7 50. Kd4 e6 51. Bd1 Ke7 52. dxe6 Kxe6
53. Bb3+ Ke7 54. Bd1 Kd7 55. Kd5 Nd3 56. Kd4 Nb4 57. Bb3 Nc6+ 58. Kd5 Ne7+ 59.
Kd4 Kc6 60. Bc2 d5 61. Bd1 Kd6 62. Bf3 Nc6+ 0-1

[Event "XXXI Olimpiadi femminile"]
[Site "Mosca RUS"]
[Date "1994.12.16"]
[Round "14.2"]
[White "Dekic, Biljana N."]
[Black "Agosto, Erika"]
[Result "0-1"]
[WhiteElo "2145"]
[BlackElo "1761"]
[Annotator "ITA-AUS"]
[PlyCount "82"]
[EventDate "1994.12.01"]

1. e4 e5 2. Nf3 Nc6 3. Bb5 Nf6 4. O-O d6 5. Re1 Be7 6. c3 O-O 7. h3 Bd7 8. d4
exd4 9. cxd4 h6 10. Nc3 Re8 11. a3 Bf8 12. Ba4 a5 13. Bc2 g6 14. Be3 Kh7 15.
Qd2 b5 16. Bf4 Rb8 17. e5 b4 18. Ne2 Nd5 19. Bg3 Be6 20. Ba4 Bd7 21. exd6 Bxd6
22. Bxd6 cxd6 23. Nf4 Nce7 24. Bb3 Bc6 25. axb4 axb4 26. Bxd5 Nxd5 27. Rxe8
Qxe8 28. Ra7 b3 29. Nxg6 Kxg6 30. Nh4+ Kh7 31. Qd3+ Kh8 32. Qd2 Qe6 33. Qc1 Rc8
34. Qd2 Re8 35. Kh2 Qf6 36. g4 Nf4 37. Nf5 Qg5 38. Nxd6 Rf8 39. Nxf7+ Rxf7 40.
Rxf7 Qd5 41. Kg3 Qf3+ 0-1

[Event "XXXI Olimpiadi"]
[Site "Mosca RUS"]
[Date "1994.12.01"]
[Round "1.3"]
[White "Gostisa, Leon"]
[Black "Righi, Ezio"]
[Result "1-0"]
[WhiteElo "2420"]
[BlackElo "2210"]
[Annotator "SMR-SLO"]
[PlyCount "75"]
[EventDate "1994.12.01"]

1. d4 Nf6 2. c4 e6 3. Nf3 c5 4. d5 exd5 5. cxd5 d6 6. Nc3 g6 7. e4 Bg7 8. Be2
O-O 9. Bf4 Re8 10. Nd2 a6 11. a4 Qe7 12. O-O Nfd7 13. Bg3 f5 14. Nc4 Ne5 15.
Nb6 Ra7 16. Nxc8 Rxc8 17. f4 Nf7 18. exf5 gxf5 19. Qc2 Nh6 20. Rae1 Qf7 21. Bd3
c4 22. Be2 Bxc3 23. Qxc3 b5 24. Bf3 Qf8 25. Bh5 Nd7 26. Bf2 Rb7 27. Bd4 Nc5 28.
Qg3+ Rg7 29. Bxg7 Qxg7 30. Qxg7+ Kxg7 31. axb5 axb5 32. Re7+ Kg8 33. Rf3 b4 34.
Rg3+ Kh8 35. Rgg7 Nd3 36. Rxh7+ Kg8 37. Rxh6 Nxb2 38. Reh7 1-0

[Event "XXXI Olimpiadi"]
[Site "Mosca RUS"]
[Date "1994.12.02"]
[Round "2.2"]
[White "Nilssen, John Arni"]
[Black "Righi, Ezio"]
[Result "1/2-1/2"]
[WhiteElo "2235"]
[BlackElo "2210"]
[Annotator "SMR-FAI"]
[PlyCount "32"]
[EventDate "1994.12.01"]

1. d4 Nf6 2. Bg5 e6 3. e4 h6 4. Bxf6 Qxf6 5. Nf3 d6 6. Nc3 g6 7. Qd2 Bg7 8. e5
Qe7 9. exd6 cxd6 10. Bb5+ Nd7 11. a4 O-O 12. O-O a6 13. Bd3 b6 14. Qe3 Bb7 15.
Be4 Nf6 16. Bxb7 Qxb7 1/2-1/2

[Event "XXXI Olimpiadi"]
[Site "Mosca RUS"]
[Date "1994.12.02"]
[Round "2.3"]
[White "Grassi, Enrico"]
[Black "Ziska, Bogi"]
[Result "1/2-1/2"]
[WhiteElo "2210"]
[BlackElo "2215"]
[Annotator "SMR-FAI"]
[PlyCount "39"]
[EventDate "1994.12.01"]

1. Nf3 g6 2. g3 Bg7 3. Bg2 d6 4. O-O e5 5. d3 Nc6 6. e4 Nf6 7. Nc3 O-O 8. Nh4
Be6 9. f4 exf4 10. Bxf4 d5 11. Bg5 dxe4 12. d4 h6 13. Bxf6 Bxf6 14. d5 Bxc3 15.
dxe6 Bxb2 16. exf7+ Rxf7 17. Rxf7 Qxd1+ 18. Rxd1 Kxf7 19. Bxe4 Rd8 20. Bxg6+
1/2-1/2

[Event "XXXI Olimpiadi"]
[Site "Mosca RUS"]
[Date "1994.12.06"]
[Round "6.1"]
[White "Righi, Ezio"]
[Black "Denny, Kevin William Henderson"]
[Result "0-1"]
[WhiteElo "2210"]
[BlackElo "2240"]
[Annotator "SMR-BAR"]
[PlyCount "84"]
[EventDate "1994.12.01"]

1. e4 c5 2. Nf3 Nc6 3. d4 cxd4 4. Nxd4 g6 5. Nc3 Bg7 6. Be3 Nf6 7. Bc4 O-O 8.
Bb3 a5 9. O-O a4 10. Nxc6 bxc6 11. Nxa4 Nxe4 12. Nb6 Rb8 13. Nxc8 Qxc8 14. f3
Nd6 15. c3 Nf5 16. Bf2 d5 17. Qd2 e6 18. Bc5 Re8 19. Bd1 Rb5 20. b4 d4 21. c4
Rb8 22. Qd3 h5 23. a4 h4 24. Ra2 Bh6 25. f4 Qc7 26. g4 Ne3 27. g5 Bg7 28. Rf3
e5 29. Rxe3 dxe3 30. Bd6 Qd8 31. Be2 exf4 32. Bxb8 Qxg5+ 33. Kh1 Rxb8 34. b5 h3
35. Bf3 cxb5 36. axb5 Rd8 37. Qe2 Qf5 38. Rc2 Bd4 39. Qd1 Bb6 40. Qe2 g5 41.
Kg1 g4 42. Bxg4 Qxc2 0-1

[Event "XXXI Olimpiadi"]
[Site "Mosca RUS"]
[Date "1994.12.09"]
[Round "8.2"]
[White "Hook, William"]
[Black "Grassi, Enrico"]
[Result "1-0"]
[WhiteElo "2180"]
[BlackElo "2210"]
[Annotator "SMR-IVB"]
[PlyCount "127"]
[EventDate "1994.12.01"]

1. d4 Nf6 2. c4 g6 3. Nc3 Bg7 4. e4 d6 5. Be2 O-O 6. Nf3 c5 7. d5 b5 8. cxb5 a6
9. bxa6 Bxa6 10. O-O Nfd7 11. Re1 Qb6 12. Qc2 Bxe2 13. Rxe2 Na6 14. Bg5 Rfe8
15. a3 h6 16. Be3 Reb8 17. Rc1 Qb3 18. Nd1 Rb7 19. Nd2 Qxc2 20. Rxc2 Ne5 21.
Nc4 Nxc4 22. Rxc4 Rb3 23. Bc1 Nb8 24. Re3 Rb7 25. Kf1 Nd7 26. Rc2 Kf8 27. Ke2
h5 28. Bd2 Rab8 29. Bc3 Bxc3 30. Rexc3 Ke8 31. Kd2 Kd8 32. Kc1 Nf6 33. Rc4 Ng4
34. f3 Ne5 35. R4c3 Ra8 36. f4 Nd7 37. Re3 Ra4 38. Nc3 Rb3 39. Re1 Ra8 40. Nd1
Ra4 41. Rc3 Rb8 42. g3 e5 43. dxe6 fxe6 44. Rd3 Kc7 45. Nc3 Rc4 46. Kc2 Kc6 47.
Red1 Nf6 48. Rxd6+ Kc7 49. Rxe6 Ng4 50. Rd3 Nxh2 51. Rxg6 Ng4 52. b3 Rxc3+ 53.
Kxc3 Nf2 54. Rd5 Nxe4+ 55. Kd3 Nxg3 56. Rxc5+ Kd7 57. Rxg3 Rxb3+ 58. Rc3 Rb1
59. Rh3 Rb5 60. a4 Ra5 61. Rc4 Ke6 62. Ke4 Kf6 63. Rb3 h4 64. Rb5 1-0

[Event "XXXI Olimpiadi"]
[Site "Mosca RUS"]
[Date "1994.12.10"]
[Round "9.2"]
[White "Grassi, Enrico"]
[Black "Kgosimore, Moatlhodi"]
[Result "0-1"]
[WhiteElo "2210"]
[BlackElo "2150"]
[Annotator "SMR-BOT"]
[PlyCount "88"]
[EventDate "1994.12.01"]

1. e4 c5 2. Nc3 d6 3. f4 f5 4. Bc4 Nf6 5. d3 g6 6. Nf3 e6 7. Ng5 Qe7 8. O-O
fxe4 9. dxe4 Nc6 10. Re1 h6 11. Nf3 Nd7 12. f5 Nde5 13. Bb5 exf5 14. Bf4 Bg7
15. Bxe5 dxe5 16. Nd5 Qd6 17. Nh4 O-O 18. Nxg6 Qxg6 19. Bxc6 Bf6 20. Nxf6+ Rxf6
21. Bd5+ Kh8 22. Re3 f4 23. Rc3 Rb8 24. Rxc5 f3 25. Rxc8+ Rxc8 26. Qd2 Qxg2+
27. Qxg2 fxg2 28. c4 Rf1+ 29. Rxf1 gxf1=Q+ 30. Kxf1 b6 31. b4 Kg7 32. Kg2 Kf6
33. Kf3 Kg5 34. Kg3 h5 35. Be6 h4+ 36. Kf3 Re8 37. Bd5 Rf8+ 38. Kg2 Kf4 39. c5
bxc5 40. bxc5 Rb8 41. c6 Rb2+ 42. Kf1 Rxh2 43. Ke1 Rc2 44. Kd1 Rc5 0-1

[Event "XXXI Olimpiadi"]
[Site "Mosca RUS"]
[Date "1994.12.12"]
[Round "11.2"]
[White "Righi, Ezio"]
[Black "Hamadto, Izz El Din Faisal"]
[Result "1-0"]
[WhiteElo "2210"]
[BlackElo "2195"]
[Annotator "SMR-SUD"]
[PlyCount "108"]
[EventDate "1994.12.01"]

1. e4 e5 2. Nf3 Nc6 3. Bb5 a6 4. Ba4 Be7 5. O-O Nf6 6. Re1 b5 7. Bb3 O-O 8. c3
d6 9. h3 Na5 10. Bc2 c5 11. d4 Nc6 12. Be3 Qc7 13. Nbd2 Bb7 14. d5 Nb8 15. Nf1
Nbd7 16. Ng3 Rfe8 17. Nf5 Nf8 18. Nxe5 Bd8 19. Ng4 Ng6 20. Nxf6+ Bxf6 21. f4
Bc8 22. Ng3 Bh4 23. Qf3 Bd7 24. Re2 a5 25. Nh5 b4 26. c4 a4 27. Bd3 Qc8 28. Bf2
Bxf2+ 29. Qxf2 f5 30. Rae1 fxe4 31. Bxe4 Rf8 32. Bxg6 hxg6 33. Ng3 Bf5 34. Qe3
Qd7 35. Nxf5 gxf5 36. Qe6+ Rf7 37. Qxd7 Rxd7 38. Re7 Rad8 39. Rxd7 Rxd7 40. Re6
Kf7 41. Kf2 a3 42. b3 g6 43. g4 fxg4 44. hxg4 Rd8 45. Kg2 Rd7 46. g5 Rd8 47.
Rf6+ Kg7 48. Kg3 Re8 49. Kg4 Re7 50. Rxd6 Re2 51. f5 gxf5+ 52. Kxf5 Rxa2 53.
Rd7+ Kg8 54. Ra7 Rb2 1-0

[Event "XXXI Olimpiadi"]
[Site "Mosca RUS"]
[Date "1994.12.12"]
[Round "11.3"]
[White "Yousif, Ammar Mohd."]
[Black "Grassi, Enrico"]
[Result "1-0"]
[WhiteElo "2205"]
[BlackElo "2210"]
[Annotator "SMR-SUD"]
[PlyCount "59"]
[EventDate "1994.12.01"]

1. e4 c5 2. Nf3 d6 3. d4 cxd4 4. Nxd4 Nf6 5. Nc3 a6 6. Bg5 e6 7. Qd2 Be7 8.
O-O-O Qa5 9. Nb3 Qc7 10. f4 Nc6 11. Be2 Bd7 12. Rhe1 h6 13. Bh4 g5 14. fxg5 Nh7
15. Bg3 Bxg5 16. Bf4 Ke7 17. Kb1 Ne5 18. g3 b5 19. a3 Rhb8 20. h4 Bf6 21. Rf1
a5 22. Nd4 b4 23. Ncb5 Bxb5 24. Nxb5 Rxb5 25. Bxb5 bxa3 26. bxa3 Rb8 27. a4 Qc5
28. Qe3 Qc4 29. Qa7+ Nd7 30. Bxd6+ 1-0

[Event "XXXI Olimpiadi"]
[Site "Mosca RUS"]
[Date "1994.12.16"]
[Round "14.1"]
[White "Righi, Ezio"]
[Black "Yang, Xian"]
[Result "0-1"]
[WhiteElo "2210"]
[BlackElo "2420"]
[Annotator "SMR-HKG"]
[PlyCount "40"]
[EventDate "1994.12.01"]

1. e4 c5 2. Nf3 e6 3. d4 cxd4 4. Nxd4 Nf6 5. Nc3 d6 6. Be3 Nc6 7. f3 Be7 8. Qd2
d5 9. exd5 Nxd5 10. Nxc6 bxc6 11. Bd4 O-O 12. Ne4 f5 13. Nc5 e5 14. Bg1 Bg5 15.
Qd3 e4 16. Qb3 exf3 17. Qxf3 Re8+ 18. Be2 Nf4 19. Rd1 Rxe2+ 20. Qxe2 Qa5+ 0-1

[Event "XXXI Olimpiadi"]
[Site "Mosca RUS"]
[Date "1994.12.16"]
[Round "14.2"]
[White "Carless, David"]
[Black "Grassi, Enrico"]
[Result "1/2-1/2"]
[WhiteElo "2265"]
[BlackElo "2210"]
[Annotator "SMR-HKG"]
[PlyCount "53"]
[EventDate "1994.12.01"]

1. g3 Nf6 2. Bg2 g6 3. d4 Bg7 4. e4 d6 5. Ne2 O-O 6. Nbc3 c5 7. h3 cxd4 8. Nxd4
a6 9. a4 Qc7 10. O-O Nc6 11. Nde2 b6 12. g4 Bb7 13. Ng3 Rac8 14. g5 Nd7 15. Nd5
Qd8 16. h4 e6 17. Ne3 Qc7 18. Ra3 Nb4 19. c3 Nc6 20. f4 Ne7 21. h5 f5 22. gxf6
Nxf6 23. hxg6 Nxg6 24. Ng4 Rcd8 25. Be3 Qc4 26. Bxb6 Nxe4 27. Nh5 1/2-1/2

[Event "VI Festival Magistrale"]
[Site "Porto San Giorgio ITA"]
[Date "1994.08.??"]
[Round "?"]
[White "Bartolini, Tommaso"]
[Black "Piantoni, Roberto"]
[WhiteElo "2090"]
[BlackElo "1986"]
[Result "1/2-1/2"]
[PlyCount "52"]
[EventDate "1994.08.20"]

1. d4 Nf6 2. c4 c5 3. d5 b5 4. cxb5 a6 5. Nc3 axb5 6. e4 b4 7. Nb5 d6 8. Nf3 g6
9. Bf4 Nh5 10. Bg5 h6 11. Be3 Bg7 12. Qd2 Qa5 13. Bc4 Bd7 14. a4 Bxb5 15. Bxb5+
Qxb5 16. axb5 Rxa1+ 17. Ke2 Rxh1 18. e5 Nd7 19. g4 Nxe5 20. gxh5 Nxf3 21. Kxf3
Rxh2 22. b6 O-O 23. Bxh6 Bxh6 24. Qxh6 Rb8 25. Qg5 Rxh5 26. Qxe7 Rxd5 1/2-1/2